000 00322nam a2200133Ia 4500
005 20250429064028.0
008 240331s9999 xx 000 0 und d
082 _bPAR
_a294
245 0 _aBagawath Geethi
260 _aChennai
_bKizhakku Pathi[ppagam
_c2004
300 _a152 p .,
700 _aBaradhie,M.
_eedt
942 _cL
999 _c4755
_d4755